Online
Catalog

Con otra mirada : (Record no. 45821)

MARC details
000 -CABECERA
campo de control de longitud fija 01284nam a2200169 a 4500
001 - NÚMERO DE CONTROL
campo de control 000046332
005 - FECHA Y HORA DE LA ÚLTIMA TRANSACCIÓN
campo de control 20201002052808.0
008 - DATOS DE LONGITUD FIJA--INFORMACIÓN GENERAL
campo de control de longitud fija 150723s2013 dr ac 000 0 spa d
040 ## - FUENTE DE LA CATALOGACIÓN
Centro catalogador/agencia de origen DO-SdBNP
Lengua de catalogación spa
Centro/agencia transcriptor BNPHU
082 ## - NÚMERO DE LA CLASIFICACIÓN DECIMAL DEWEY
Número de clasificación xxxx
Número de documento/Ítem xxxx
245 00 - MENCIÓN DE TÍTULO
Título Con otra mirada :
Resto del título guía para trabajar la comunicación y la publicidad con enfoques no discriminatorios y no sexistas /
Mención de responsabilidad, etc. presentación Alejandrina Germán.
260 ## - PUBLICACIÓN, DISTRIBUCIÓN, ETC.
Lugar de publicación, distribución, etc. Santo Domingo :
Nombre del editor, distribuidor, etc. Ministerio de la Mujer,
Fecha de publicación, distribución, etc. 2013.
300 ## - DESCRIPCIÓN FÍSICA
Extensión 208 p. :
Otras características físicas il., retrs. ;
Dimensiones 27 cm.
504 ## - NOTA DE BIBLIOGRAFÍA, ETC.
Nota de bibliografía, etc. Bibliografía : p. 200-208
505 0# - NOTA DE CONTENIDO CON FORMATO
Nota de contenido con formato Antecesdentes de una batallar que comenzó hace tiempo --
Título Profecionales de la comunicación no son robots --
-- La realidad de los medios no es la realidad --
-- Valorar los impactos de la comunicación que hacemos --
-- El mundo se piensa en palabras --
-- Violencias en los medios --
-- De humanas y de humanos --
-- ¡Qué dificil es ser varón! --
-- La política si es cosa de mujeres --
-- Todo el mundo quiere lucir bien --
-- Otra publicidad es posible --
-- Los monitoreos --
-- Algunos ejemplos de situaciones presentes en programas de entretenimiento, variedades y humor --
Información miscelánea Segunda parte
Título Hojas de trabajo: Descubrir verdades --
Información miscelánea Tercera parte
Título Textos para leer después --
700 12 - PUNTO DE ACCESO ADICIONAL--NOMBRE DE PERSONA
Nombre de persona Germán, Alejandrina,
Término indicativo de función/relación pres.
9 (RLIN) 12096
Holdings
Estado de retiro Estado de pérdida No para préstamo Código de colección Localización permanente Ubicación/localización actual Ubicación en estantería Fecha de adquisición Número de inventario Total de préstamos Signatura topográfica completa Código de barras Fecha visto por última vez Precio válido a partir de Tipo de ítem Koha
    Excluido de préstamo Patrimonio Dominicano Patrimonio Dominicano Patrimonio Dominicano En catalogación 23.07.2015 LF1   xxxx xxxx 46332-10 25.06.2020 25.06.2020 Libro y Folleto Colección Patrimonio Dominicano

Powered by Koha